| 000 | 00607nam a2200217Ia 4500 | ||
|---|---|---|---|
| 003 | OSt | ||
| 005 | 20240516115453.0 | ||
| 008 | 210210b1967 xxu||||| |||| 00| 0 eng d | ||
| 040 | _cAL | ||
| 041 | _aHindi | ||
| 082 | _a861/65 | ||
| 100 |
_aGUPTA (Maithilisharan) _dमैथिलीशरण गुप्त _9164812 |
||
| 245 |
_aAnjali aur arghya _bअंजलि और अर्ध्य |
||
| 260 |
_aChirganv _bSahity Sadhan _c1967 |
||
| 650 |
_aaur _9164813 |
||
| 650 |
_aarghya _9164814 |
||
| 650 |
_aAnjali _9164815 |
||
| 690 |
_aHindi Poetry _9164816 |
||
| 906 | _a023086 | ||
| 942 |
_2ddc _cBK |
||
| 999 |
_c147979 _d147979 |
||